Frutales en la huerta orgánica familiar : material de capacitación

Guardado en:
Formato: Libro
Publicado: Buenos Aires : Inta, 2005
Series:Pro-huerta
Materias:
Etiquetas: Agregar Etiqueta
Sin Etiquetas, Sea el primero en etiquetar este registro!
LEADER 01477nam a22002055a 4500
001 CEM.cems018100
005 20131025114921.0
008 130507s2005##################000#0#####d
003 CEMS
082 0 4 |a FC634 
245 0 0 |a Frutales en la huerta orgánica familiar :  |b material de capacitación 
260 |a Buenos Aires :  |b Inta,  |c 2005 
300 |a 19 p. 
490 0 |a Pro-huerta 
500 |a Plan Nacional de Seguridad Alimentaria : el hambre más urgente 
505 0 |a Frutales -- Vivero para frutales de carozo -- Injerto de yema -- Injerto de escudete o en T -- Cítricos -- Transplante a vivero -- Técnica de injertación -- Plantación -- Poda -- Poda de plantación y formación (carozos y cítricos ) -- Poda de fructificación -- Cuidados del arbol frutal -- Abono -- Raleo de frutos -- Plagas y enfermedades -- Pulgones, mosca blanca y cochinillas -- Cochinilla blanca del tronco -- Acaros (arañuelas pequeñas ) y Trips -- Mosca de las frutas -- Gusano de brote o grapholita -- Taladrillo de los frutales -- Minador de la hoja de citrus -- Control -- Estrategias de manejo -- Trampas -- Plaga amarilla -- Trampas con sustancia atractiva -- Trampa de inverne -- Embolsado de frutas -- Remedios preparados caseros -- Productos orgánicos 
653 |a Frutales 
859 |a CEMS  |b BIB. CEMS - Agricultura  |h FC634  |i Ar37  |p A0028.44  |t Ej.1 
859 |a CEMS  |b BIB. CEMS - Agricultura  |h FC634  |i Ar37  |p A0029.44  |t Ej.2 
859 |a CEMS  |b BIB. CEMS - Agricultura  |h FC634  |i Ar37  |p A0030.44  |t Ej.3